Horrid Henry and the tooth fairy / (Record no. 1673)

MARC details
000 -LEADER
fixed length control field 01332nam a22002537a 4500
005 - DATE AND TIME OF LATEST TRANSACTION
control field 20230926135626.0
020 ## - INTERNATIONAL STANDARD BOOK NUMBER
International Standard Book Number 9781402217784
040 ## - CATALOGING SOURCE
Original cataloging agency DLC
Transcribing agency DLC
Modifying agency DLC
Language of cataloging eng
050 00 - LIBRARY OF CONGRESS CALL NUMBER
Classification number PZ7.S604
Item number Hob 1997
082 0# - DEWEY DECIMAL CLASSIFICATION NUMBER
Classification number 823.914
Edition number 20
100 1# - MAIN ENTRY--PERSONAL NAME
Personal name Simon, Francesca
245 10 - TITLE STATEMENT
Title Horrid Henry and the tooth fairy /
Statement of responsibility, etc. Francesca Simon ; illustrated by Tony Ross
260 ## - PUBLICATION, DISTRIBUTION, ETC.
Place of publication, distribution, etc. London :
Name of publisher, distributor, etc. Orion,
Date of publication, distribution, etc. 1997.
300 ## - PHYSICAL DESCRIPTION
Extent 96 pages :
Other physical details illustrations ;
Dimensions 20 cm
500 ## - GENERAL NOTE
General note "A Dolphin Paperback"
505 ## - FORMATTED CONTENTS NOTE
Formatted contents note F
520 ## - SUMMARY, ETC.
Summary, etc. Age Level: 7 and up | Grade Level: 2 to 5 Horrid Henry reads Perfect Peter's diary and improves it; goes shopping with Mom and tries to make her buy him some really nice new sneakers; is horrified when his old enemy Bossy Bill turns up at school; and tries, by any means, to win the class soccer match and defeat Moody Margaret. Francesca Simon is one of the world's best-loved children's authors. She is the only American to have ever won the Galaxy Book Award, and her creation, Horrid Henry, is the #1 bestselling chapter book series in the UK--with a hit TV show and over fifteen million copies sold! Each book contains four easy-to-read
521 ## - TARGET AUDIENCE NOTE
Target audience note 450<br/>
Source Lexile
521 ## - TARGET AUDIENCE NOTE
Target audience note F<br/>
Source Raz-Plus
700 1# - ADDED ENTRY--PERSONAL NAME
Personal name Ross, Tony
906 ## - LOCAL DATA ELEMENT F, LDF (RLIN)
a 7
b cbc
c copycat
d 2
e ncip
f 20
g y-gencatlg
942 ## - ADDED ENTRY ELEMENTS (KOHA)
Source of classification or shelving scheme Dewey Decimal Classification
Koha item type Books
Suppress in OPAC No
999 ## -
-- 1673
-- 1673
Holdings
Withdrawn status Lost status Source of classification or shelving scheme Damaged status Not for loan Collection Home library Current library Shelving location Date acquired Total Checkouts Full call number Barcode Date last seen Date last checked out Price effective from Koha item type
    Dewey Decimal Classification     Juvenile Fiction Footprints International School Library Network Toul Kork Campus Footprints International School Library Network Toul Kork Campus Halloween Display TK Campus Room B401 09/14/2023 1 SIM Fic PZ7.S604 FISTK03735 03/07/2024 10/05/2023 09/14/2023 Books